Vedecké semináre 2007 zborník prác z vedeckých seminárov 2.3. a 10.9.2007 Bratislava

Salvato in:
Dettagli Bibliografici
Enti autori: Zameranie prác externých doktorandov a ich vplyv na rozvoj vedy a výskumu. Doktorandský vedecký seminár Ústavu jazykov, Rôzne aspekty vyučovania anglického odborného jazyka na Ekonomickej univerzite. Vedecký seminár Katedry anglického jazyka, Ekonomická univerzita v Bratislave. Ústav jazykov
Altri autori: Lišková, Danuša, Breveníková, Daniela
Natura: Libro
Lingua:slovacco
Pubblicazione: Bratislava Vydavateľstvo EKONÓM 2008
Soggetti:
Tags: Aggiungi Tag
Nessun Tag, puoi essere il primo ad aggiungerne!!

MARC

LEADER 00000nlm$a2200000$$$4500
001 0082940
005 20240507114545.5
020 |a 978-80-225-2607-4 
041 0 |a slo 
044 |a SK 
245 1 0 |a Vedecké semináre 2007  |b zborník prác z vedeckých seminárov 2.3. a 10.9.2007 Bratislava  |c kolektív autorov ; zostavovatelia: Danuša Lišková, Daniela Breveníková 
264 1 |a Bratislava  |b Vydavateľstvo EKONÓM  |c 2008 
300 |a CD-ROM 
610 2 0 |a jazykoveda 
610 2 0 |a jazyky cudzie 
700 1 |a Lišková, Danuša 
700 1 |a Breveníková, Daniela 
110 2 |a Zameranie prác externých doktorandov a ich vplyv na rozvoj vedy a výskumu. Doktorandský vedecký seminár Ústavu jazykov 
710 2 |a Rôzne aspekty vyučovania anglického odborného jazyka na Ekonomickej univerzite. Vedecký seminár Katedry anglického jazyka 
710 2 |a Ekonomická univerzita v Bratislave. Ústav jazykov